Responses for Show #1743 - Wednesday, March 11, 1992

Contestants

[<< previous game]

Jack Tomarchio, an attorney from Huntingdon Valley, Pennsylvania

Al Levy, an engineer originally from Brooklyn, New York

Ann Wright, an immunologist from Agua Dulce, California (whose 4-day cash winnings total $26,000)

[next game >>]

Jeopardy! Round responses

EUROPE
RELIGIOUS HOLIDAYS
SPIDERS
ACTORS AND ACTRESSES
HOMOPHONES
AUTHORS' BIRTHPLACES
    $100 6
Helsinki

Jack
    $100 17
Hinduism

Ann
    $100 16
webs

Al
    $100 1
Laurence Olivier

Ann
    $100 26
reign/rain

Al
    $100 11
Peter Benchley

Jack
    $200 7
England

Ann
    $200 19
Passover

Jack
    $200 18
blood

Al
    $200 2
Phylicia Rashad

Ann
    $200 27
idol/idle

Jack
    $200 12
North Carolina

Ann
    $300 8
Turin

Jack
    $300 20
San Juan Capistrano

Jack
    $300 23
a brown recluse

Jack
    $300 3
(Jack: Who is Betty White?)

Bea Arthur

AlJack
    $300 28
[The end-of-round signal sounds.]

manor/manner

Ann
    $300 13
(Marcel) Proust

Ann
    $400 9
Bulgaria

Jack
    $500 21
(Jack: The Ascension.)
(Alex: Oh, sorry, the Ascension came much later, of course, after the death of Jesus, Holy Thursday is a reference to [*].)

the Last Supper

Jack
    $400 24
(Jack: Uh, what are legs?)

eyes

AnnJack
    $400 4
Ben Kingsley

Ann
    $400 14
Ithaca

Ann
    $500 10
(Al: What is Salzburg?)

the University of Vienna

Al
Triple Stumper
    $500 22
(Alex: We have less than a minute to go.)

Pentecost

Al
    $500 25
an abdomen

Ann
    $500 5
(Alex: He has a very impressive art collection I might add.)

Steve Martin

Triple Stumper
    $500 15
John Gregory Dunne

Ann

Scores at the first commercial break (after clue 14):

Ann Al Jack
$1,800 -$200 $600

Scores at the end of the Jeopardy! Round:

Ann Al Jack
$3,600 $700 $700

Double Jeopardy! Round responses

SCIENCE
POT LUCK
MOUNTAINS
SHIPS
QUOTES
NORSE MYTHOLOGY
    $200 2
rusting

Jack
    $200 12
Montreal

Jack
    $200 1
[Al selected the first clue.]

Australia

Ann
    $200 4
H.M.S

Ann
    $200 19
John Belushi

Al
    $200 26
Woden (Odin)

Jack
    $400 3
rods

Jack
    $400 13
Manchuria

Jack
    $400 8
(Jack: What are the Catskills?)

the Adirondacks

AnnJack
    $400 6
icebergs

Ann
    $400 20
Patton

Jack
    $400 27
Valhalla

Al
    $600 5
Fortran

Jack
    $600 14
Graceland

Al
    $600 16
Vesuvius

Jack
    $600 7
a brig

Ann
    $600 21
oysters

Triple Stumper
    $600 28
(Ann: What is Asgard?)

Midgard

AnnAl
    $800 9
viscosity

Jack
    $800 24
(Alex: We have a minute to go.)

Man o' War

Al
    $1,000 17
(Jack: What is Matterhorn?)

the Jungfrau

Jack
    $800 10
the Savannah

Triple Stumper
    $800 22
liberty

Al
    $1,100 29
[The end-of-round signal sounds.]

a hammer

Al
    $1000 15
(Ann: What is the theory of relativity?)

the quantum theory

Ann
Triple Stumper
    $1000 25
[Jack did not include the leading article in his response.]

The Amityville Horror

Jack
    $1000 18
(Alex: You are right, Mauna Kea.)

Hawaii

Ann
    $1000 11
a caravel

Ann
    $1000 23
(Ann: Who is Smith?)

(Jimmy) Walker

AnnJack

Scores at the end of the Double Jeopardy! Round:

Ann Al Jack
$4,800 $5,200 $5,100

[wagering suggestions for these scores]

Final Jeopardy! Round responses

20th CENTURY PRESIDENTS
AnnWho is Kennedy?
$4,800
JackWho was John Fitzgerald Kennedy
$5,100
AlWho is Kennedy?
$5,001
(John Fitzgerald) Kennedy

Final scores:

Ann Al Jack
$9,600 $10,201 $10,200
3rd place: Armani sculpture from Miller Import + Nintendo Entertainment System with Super Jeopardy! & Wheel of Fortune + InfoGenius for Game Boy New champion: $10,201 2nd place: Jules Jurgensen man's watch + Ross Simon bracelet

Game dynamics:

Coryat scores:

Ann Al Jack
$4,800 $4,900 $6,600
19 R,
3 W
12 R
(including 1 DD),
1 W
19 R,
5 W
(including 2 DDs)

Combined Coryat: $16,300

[game clues] [game scores] [suggest correction]

Game tape date: 1991-12-03
The J! Archive is created by fans, for fans. Scraping, republication, monetization, and malicious use prohibited; this site may use cookies and collect identifying information. See terms. The Jeopardy! game show and all elements thereof, including but not limited to copyright and trademark thereto, are the property of Jeopardy Productions, Inc. and are protected under law. This website is not affiliated with, sponsored by, or operated by Jeopardy Productions, Inc. Join the discussion at JBoard.tv.